Statistics for All 100k+ Cities in Canada on a Map

Click here to take the quiz!

General Stats

  • This quiz has been taken 642 times
  • The average score is 26 of 41

Answers on the Map

Answers color-coded by a green-red scale on the quiz's map according to % correct below.
 

Answer Stats

PopCity% Correct
2.46 mVancouver
99%
4.10 mMontreal
98%
5.92 mToronto
98%
1.32 mOttawa–Gatineau
97%
1.39 mCalgary
96%
1.32 mEdmonton
95%
800 kQuebec City
92%
778 kWinnipeg
91%
403 kHalifax
88%
126 kSaint John
87%
206 kSt. John's
87%
295 kSaskatoon
86%
368 kVictoria
83%
236 kRegina
82%
494 kLondon
79%
747 kHamilton
75%
121 kThunder Bay
72%
329 kWindsor
72%
406 kSt. Catharines – Niagara
70%
523 kKitchener–Cambridge–Waterloo
63%
102 kFredericton
57%
156 kTrois-Rivieres
54%
165 kGreater Sudbury
53%
195 kKelowna
52%
161 kKingston
52%
145 kMoncton
51%
100 kRed Deer
51%
379 kOshawa
50%
104 kKamloops
49%
212 kSherbrooke
48%
105 kNanaimo
44%
181 kAbbotsford-Mission
43%
197 kBarrie
41%
151 kGuelph
40%
161 kSaguenay
40%
117 kLethbridge
39%
102 kChatham-Kent
32%
122 kPeterborough
32%
101 kChilliwack
29%
103 kBelleville
26%
134 kBrantford
25%

Score Distribution

Percentile by Number Answered

Percent of People with Each Score

Your Score History

You have not taken this quiz